01343nab a22002297a 4500003000400000005001700004008004100021040000700062100002100069245011300090260004200203300001300245500003700258505052300295505008900818650002000907650002400927650001700951650001200968700001900980773011400999OSt20260210091719.0190506c xxu||||| |||| 00| 0 spa d cPJ aPeliza, Eleonora10aViolencia y acoso laboral. Situación actual en la República Argentina /cEleonora Peliza, Carolina Hita. aBuenos Aires :bAbeledoPerrot,c2025. ap. 26-37 aCita: TR LALEY AR/DOC/234/2025.  aSumario: I. Introducción.— II. Adopción del Convenio Nro. 190 y su recomendación por la República Argentina.— III. Análisis actual de la violencia laboral en Argentina. Sectores vulnerables.— IV. La particular situación de la comunidad LGTBI+.— V. Políticas públicas y privadas para la erradicación de la violencia y el acoso. El rol del servicio de justicia.— VI. La sanción de la ley 27.742 (Ley Bases) y el Convenio 190.— VII. Recomendaciones y conclusiones.— VIII. Bibliografía. t¿Te interesa el texto completo? Comunicate al correo: koha@justierradelfuego.gov.ar 0aDERECHO LABORAL 0aCONTRATO DE TRABAJO 0aACOSO SEXUAL 0aMOBBING aHita, Carolina0 02751dBuenos Aires : AbeledoPerrot, 2013-tRevista de derecho laboral y seguridad social. Nº 6 - Marzo 2025